La responsabilidad civil entre cónyuges y la tutela de sus derechos fundamentales: el Contra Ius Constitucional y el daño moral
Uloženo v:
| Hlavní autor: | |
|---|---|
| Médium: | Kniha |
| Jazyk: | španělština |
| Vydáno: |
Pamplona
Aranzadi
2017
|
| Vydání: | 1a. ed |
| Edice: | Estudios
|
| Témata: | |
| Tagy: |
Přidat tag
Žádné tagy, Buďte první, kdo vytvoří štítek k tomuto záznamu!
|
MARC
| LEADER | 00000cam a2200000 a 4500 | ||
|---|---|---|---|
| 001 | UCC9087 | ||
| 003 | CL-VaPUC | ||
| 008 | 190904e20170000sp |||||||||||||||||spa|d | ||
| 020 | |a 9788491525257 | ||
| 082 | 0 | 4 | |a 346.016 |b MAZ |2 21 |
| 100 | 0 | |a Mazzilli, Elisabetta |e author |9 603906 | |
| 245 | 1 | 3 | |a La responsabilidad civil entre cónyuges y la tutela de sus derechos fundamentales: el Contra Ius Constitucional y el daño moral |
| 250 | |a 1a. ed | ||
| 300 | |a 326 p | ||
| 942 | |c BK | ||
| 945 | |d 20190904 15:40:00 |a dcastane | ||
| 260 | |a Pamplona |b Aranzadi |c 2017 | ||
| 650 | 7 | |a MATRIMONIO |2 CL-VaPUC |9 603907 | |
| 650 | 7 | |a DEBERES CONYUGALES |2 CL-VaPUC |9 603908 | |
| 650 | 0 | |a Aspectos jurídicos |9 328188 | |
| 583 | |a last modification |c 20190904 15:40:00 |k Rodrigo Vera | ||
| 490 | 0 | |a Estudios | |
| 999 | |c 375281 |d 375279 | ||
| 952 | |0 0 |1 0 |3 erb |4 0 |6 346_016000000000000_MAZ_2017 |7 0 |8 WP_COW |9 561228 |a BIBDER |b BIBDER |e Fundación W and P Cowley |i 5598087 |o 346.016 MAZ 2017 |p 5598087 |r 2023-01-25 |w 2020-03-12 |y BK |z Catalogado en:20190904 |k WPC | ||